000 00354 a2200109 4500
001 ART_51243
005 20260410161945.0
008 260409a
245 1 0 _aLa discapacidad mental ante el procedimiento administrativo previsional
100 1 _aCarnota, Walter F.
773 0 _tTemas de derecho laboral
_g- N° 9 (sep. 2020)
_wREV27619
999 _c29889
_d29889